000 00587nam a22001817a 4500
005 20260506112931.0
008 260506b |||||||| |||| 00| 0 eng d
020 _a9780199231874
_qpbk
041 _aeng
082 _a341.2422 BAR
100 _aBartolini, Stefano
245 _aRestructuring Europe
_bCentre formation, system building, and political structuring between the nation state and the European Union
_cStefano Bartolini
260 _aNew York
_bOxford University Press
_c2005
300 _a415p. :
_c25cm
504 _aindex
650 _aLaw of nations
942 _cENGLISH
999 _c622618
_d622618